Vogels text book of quantitative chemical analysis (Record no. 219)
[ view plain ]
| 000 -LEADER | |
|---|---|
| fixed length control field | 00774nam a22002777a 4500 |
| 008 - FIXED-LENGTH DATA ELEMENTS--GENERAL INFORMATION | |
| fixed length control field | 130424b xxu||||| |||| 00| 0 eng d |
| 020 ## - INTERNATIONAL STANDARD BOOK NUMBER | |
| International Standard Book Number | 978-81-317-2325-8 |
| 024 ## - OTHER STANDARD IDENTIFIER | |
| Terms of availability | Available |
| 037 ## - SOURCE OF ACQUISITION | |
| Terms of availability | Available |
| 040 ## - CATALOGING SOURCE | |
| Original cataloging agency | MBSTU Library |
| Modifying agency | MBSTU Library |
| 082 ## - DEWEY DECIMAL CLASSIFICATION NUMBER | |
| Edition number | 22 |
| Classification number | 543 VOG |
| 100 ## - MAIN ENTRY--PERSONAL NAME | |
| Personal name | |
| 110 ## - MAIN ENTRY--CORPORATE NAME | |
| Corporate name or jurisdiction name as entry element | Mendham, J [et...al] |
| 245 ## - TITLE STATEMENT | |
| Title | Vogels text book of quantitative chemical analysis |
| 250 ## - EDITION STATEMENT | |
| Edition statement | 6th edition |
| 260 ## - PUBLICATION, DISTRIBUTION, ETC. (IMPRINT) | |
| Place of publication, distribution, etc. | New Delhi |
| Name of publisher, distributor, etc. | Pearson Education |
| Date of publication, distribution, etc. | 2009 |
| 300 ## - PHYSICAL DESCRIPTION | |
| Extent | 24 cm. |
| Other physical details | xxix,790 page |
| Type of unit | 03 |
| Size of unit | 24 cm. |
| 600 ## - SUBJECT ADDED ENTRY--PERSONAL NAME | |
| Personal name | Chemical Analysis |
| 650 ## - SUBJECT ADDED ENTRY--TOPICAL TERM | |
| Source of heading or term | Chemical Analysis |
| 700 ## - ADDED ENTRY--PERSONAL NAME | |
| Personal name | |
| 710 ## - ADDED ENTRY--CORPORATE NAME | |
| Corporate name or jurisdiction name as entry element | Mendham, J [et...al] |
| 270 ## - ADDRESS | |
| Address | New Delhi |
| City | New Delhi |
| Country | India |
| 365 ## - TRADE PRICE | |
| Price amount | 675.00 |
| Unit of pricing | 675.00 |
| 942 ## - ADDED ENTRY ELEMENTS (KOHA) | |
| Source of classification or shelving scheme | |
| Koha item type | Books |
No items available.
